| 000 | 00416nam a22001577a 4500 | ||
|---|---|---|---|
| 003 | SGT | ||
| 020 | _a9780367509903 | ||
| 082 |
_a615 _bL24S |
||
| 100 | _aSINGER, DONALD.C | ||
| 245 | _aLOBORATERY AUDITING FOR QUALITY AND REGULATORY COMPLIANCE | ||
| 260 |
_aNEW YORK _bCRC PRESS _c2024 |
||
| 300 | _a471 | ||
| 650 | _aPHARMACY | ||
| 653 | _aLOBORATERY, AUDITING, QUALITY, REGULATORY, COMPLIANCE | ||
| 942 |
_2ddc _cBK |
||
| 999 |
_c27035 _d27035 |
||